| 000 | 00612nam a2200193Ia 4500 | ||
|---|---|---|---|
| 005 | 20250610161114.0 | ||
| 008 | 008 250516s9999 xx 000 0 eng d | ||
| 020 | _a9781009526784 | ||
| 040 |
_beng _cSDCL |
||
| 041 |
_aeng _2eng |
||
| 084 | _aY7.77.1'N R4 | ||
| 100 |
_aHingorani, Avinash _9812503 |
||
| 245 | 0 |
_aClash of color : _bDialogues on race, caste, and solidarity in the United States and India (1900-1954) |
|
| 260 |
_aNew Delhi : _bCambridge University Press, _c2024. |
||
| 300 | _axxii, 193p. | ||
| 490 | _aGlobal South Asians | ||
| 650 |
_aPolitical Science _9812504 |
||
| 942 |
_cTEXL _2CC |
||
| 999 |
_c1430088 _d1430088 |
||